| 000 | 01211nam0a2200361 4500 | ||
|---|---|---|---|
| 001 | RU\NLR\BIBL_A\012371138 | ||
| 005 | 20201016171459.0 | ||
| 010 |
_a978-5-00121-255-3 _970 |
||
| 021 |
_aRU _bКН-П-20-035111 _9КН-П-20-2677 |
||
| 035 | _a(NLR Aleph) 012371138 | ||
| 035 | _a(RuMoRGB)010360418 | ||
| 090 |
_a11576211 _c11576211 |
||
| 100 | _a20201007d2020 u y0rusy50 ca | ||
| 101 | 0 | _arus | |
| 102 | _aRU | ||
| 105 | _ay|||zzzz000 y | ||
| 181 | 0 |
_ai _baxxe |
|
| 182 | 0 | _an | |
| 200 | 1 |
_aМятежный "Хронопус". Испытание на прочность _e[фантастический роман] _fАристарх Нилин |
|
| 203 |
_aТекст _bвизуальный _cнепосредственный |
||
| 210 |
_aМосква _cОнтоПринт _d2020 |
||
| 215 |
_a162, [1] с. _d20 |
||
| 320 | _aДр. кн. авт. на 4-й с. обл. | ||
| 333 | _a16+ | ||
| 517 | 1 | _aИспытание на прочность | |
| 686 | 2 | _aШ6(2=Р)8-445 | |
| 700 | 1 |
_aНилин _bА. И. _gАристарх Ильич |
|
| 942 | _cBOOK | ||
| 980 | _aNBR | ||
| 980 | _aNB | ||